[Event "Titled Tuesday intern op1 2nd Febr"]
[Site "Chess.com INT"]
[Date "2016.02.02"]
[Round "1"]
[White "Corrales Jimenez, Fidel"]
[Black "Xuan, Thomas"]
[Result "1-0"]
[WhiteElo "2528"]
[BlackElo "1961"]
[PlyCount "67"]
[EventDate "2016.02.02"]
[EventType "swiss (blitz)"]
[EventRounds "9"]
[EventCountry "USA"]
[SourceTitle "EXT 2021"]
[Source "ChessBase"]
[SourceDate "2020.10.23"]
[SourceVersion "1"]
[SourceVersionDate "2020.10.23"]
[SourceQuality "1"]

1. e4 c5 2. Nf3 d6 3. d4 cxd4 4. Nxd4 Nf6 5. Nc3 a6 6. Be2 e5 7. Nb3 Be7 8. 0-0 0-0 9. Kh1 b6 10. Bg5 Bb7 11. Bxf6 Bxf6 12. Nd5 Nd7 13. c3 Bg5 14. Bf3 Nf6 15. Nxf6+ Bxf6 16. Nd2 b5 17. a4 Bg5 18. Re1 Qb6 19. Qe2 f5 20. exf5 Bxd2 21. Bxb7 Bxe1 22. Bxa8 Bxf2 23. Bd5+ Kh8 24. axb5 axb5 25. Qh5 Qc7 26. g4 Be3 27. g5 h6 28. h4 Qd7 29. Rf1 Rxf5 30. Rxf5 Qxf5 31. Qe8+ Kh7 32. Bg8+ Kh8 33. Bf7+ Kh7 34. Qg8# 1-0

[Event "Titled Tuesday intern op1 1st Dec"]
[Site "Chess.com INT"]
[Date "2015.12.01"]
[Round "1"]
[White "Holt, Conrad"]
[Black "Xuan, Thomas"]
[Result "1-0"]
[WhiteElo "2536"]
[BlackElo "1961"]
[PlyCount "51"]
[EventDate "2015.12.01"]
[EventType "swiss (blitz)"]
[EventRounds "9"]
[EventCountry "USA"]
[SourceTitle "EXT 2021"]
[Source "ChessBase"]
[SourceDate "2020.10.23"]
[SourceVersion "1"]
[SourceVersionDate "2020.10.23"]
[SourceQuality "1"]

1. d4 Nf6 2. c4 g6 3. Nc3 d5 4. Bf4 Bg7 5. e3 0-0 6. Rc1 Be6 7. c5 c6 8. Bd3 Bc8 9. h3 Nfd7 10. Bg5 Re8 11. Nf3 Qc7 12. 0-0 e5 13. dxe5 Nxe5 14. Bf4 Qe7 15. Nxe5 Bxe5 16. Bxe5 Qxe5 17. e4 d4 18. Ne2 Be6 19. f4 Qg7 20. f5 gxf5 21. exf5 Bxa2 22. Rf4 Qe5 23. Re4 Qxe4 24. Bxe4 Rxe4 25. Ng3 Rf4 26. Qd2 1-0

[Event "Titled Tuesday intern op1 1st Dec"]
[Site "Chess.com INT"]
[Date "2015.12.01"]
[Round "2"]
[White "Lu, Andrew H"]
[Black "Xuan, Thomas"]
[Result "1-0"]
[WhiteElo "2071"]
[BlackElo "1961"]
[PlyCount "127"]
[EventDate "2015.12.01"]
[EventType "swiss (blitz)"]
[EventRounds "9"]
[EventCountry "USA"]
[SourceTitle "EXT 2021"]
[Source "ChessBase"]
[SourceDate "2020.10.23"]
[SourceVersion "1"]
[SourceVersionDate "2020.10.23"]
[SourceQuality "1"]

1. e4 e5 2. Nf3 Nc6 3. Bb5 a6 4. Ba4 Nf6 5. 0-0 Be7 6. Re1 b5 7. Bb3 d6 8. h3 0-0 9. c3 Nb8 10. d4 Nbd7 11. Nbd2 c5 12. a4 Bb7 13. d5 c4 14. Bc2 Qc7 15. Nf1 Nc5 16. Ng3 g6 17. Bh6 Rfe8 18. h4 Bf8 19. Qd2 Nxa4 20. Bxa4 bxa4 21. h5 Bc8 22. Bxf8 Rxf8 23. Qg5 Qd8 24. Rxa4 Nxh5 25. Qxd8 Rxd8 26. Nxh5 gxh5 27. Rxc4 Bd7 28. Ra1 Rdc8 29. Nd2 Bb5 30. Rb4 Bd3 31. Ra3 f5 32. exf5 Bxf5 33. Rb6 Rab8 34. Raxa6 Rxb6 35. Rxb6 Rd8 36. Nc4 Be4 37. Rxd6 Rxd6 38. Nxd6 Bxd5 39. c4 Be6 40. b4 Kf8 41. c5 Ke7 42. f3 Bd5 43. Kf2 Kd7 44. Ke3 Kc6 45. g3 h6 46. f4 exf4+ 47. Kxf4 Be6 48. Ke5 Bg4 49. Kd4 Be2 50. b5+ Kd7 51. Nc4 Bf1 52. c6+ Kc7 53. Kc5 Bg2 54. b6+ Kb8 55. c7+ Kc8 56. Nd6+ Kd7 57. c8Q+ Ke7 58. Qe8+ Kf6 59. Qf7+ Kg5 60. Qf4+ Kg6 61. Qf5+ Kg7 62. Qf7+ Kh8 63. Nf5 Be4 64. Qg7# 1-0

[Event "Titled Tuesday intern op1 3rd Nov"]
[Site "Chess.com INT"]
[Date "2015.11.03"]
[Round "4"]
[White "Xuan, Thomas"]
[Black "Arnaudov, Petar G"]
[Result "0-1"]
[WhiteElo "1961"]
[BlackElo "2464"]
[PlyCount "42"]
[EventDate "2015.11.03"]
[EventType "swiss (blitz)"]
[EventRounds "9"]
[EventCountry "USA"]
[SourceTitle "EXT 2021"]
[Source "ChessBase"]
[SourceDate "2020.10.23"]
[SourceVersion "1"]
[SourceVersionDate "2020.10.23"]
[SourceQuality "1"]

1. Nf3 Nf6 2. c4 c5 3. d4 cxd4 4. Nxd4 e5 5. Nb5 d5 6. cxd5 Bc5 7. e3 0-0 8. N1c3 a6 9. Na3 Qe7 10. Nc2 Rd8 11. a4 e4 12. Bc4 Nbd7 13. 0-0 Ne5 14. Be2 Bg4 15. Bxg4 Nexg4 16. Rb1 Bd6 17. g3 Ne5 18. Nd4 Bc5 19. Nce2 Rxd5 20. Qe1 Bxd4 21. Nxd4 Rxd4 0-1

[Event "Oceania zt"]
[Site "Cammeray"]
[Date "2015.07.08"]
[Round "7"]
[White "Press, Harry"]
[Black "Xuan, Thomas"]
[Result "1/2-1/2"]
[WhiteElo "1889"]
[BlackElo "2023"]
[PlyCount "63"]
[EventDate "2015.07.04"]
[EventType "swiss"]
[EventRounds "9"]
[EventCountry "AUS"]
[SourceTitle "CBM 167 Extra"]
[Source "ChessBase"]
[SourceDate "2015.09.14"]
[SourceVersion "1"]
[SourceVersionDate "2015.09.14"]
[SourceQuality "1"]

1. e4 c5 2. Nf3 d6 3. d4 cxd4 4. Nxd4 Nf6 5. Nc3 a6 6. Be2 e5 7. Nb3 Be7 8. Be3 Be6 9. 0-0 0-0 10. f4 exf4 11. Bxf4 Nc6 12. Qe1 Nd7 13. Rd1 Nde5 14. Nd5 Bg5 15. Kh1 Bxf4 16. Nxf4 Qc7 17. Qg3 Rad8 18. Nh5 f5 19. exf5 Bxf5 20. c3 Rd7 21. Nd4 Nxd4 22. cxd4 Ng6 23. Rc1 Qb6 24. Qc3 d5 25. Ng3 Nh4 26. Rf4 g5 27. Rf2 Rdf7 28. Rcf1 Bg6 29. Rxf7 Bxf7 30. Qe3 h6 31. Nh5 Qe6 32. Qf2 1/2-1/2

[Event "Oceania zt"]
[Site "Cammeray"]
[Date "2015.07.06"]
[Round "4"]
[White "Xuan, Thomas"]
[Black "Ikeda, Junta"]
[Result "0-1"]
[WhiteElo "2023"]
[BlackElo "2396"]
[PlyCount "50"]
[EventDate "2015.07.04"]
[EventType "swiss"]
[EventRounds "9"]
[EventCountry "AUS"]
[SourceTitle "CBM 167 Extra"]
[Source "ChessBase"]
[SourceDate "2015.09.14"]
[SourceVersion "1"]
[SourceVersionDate "2015.09.14"]
[SourceQuality "1"]

1. d4 Nf6 2. c4 b6 3. f3 Nc6 4. d5 Ne5 5. e4 e6 6. Be3 Bb4+ 7. Nd2 Qe7 8. Kf2 Bc5 9. Nb3 Bxe3+ 10. Kxe3 0-0 11. Kf2 Nh5 12. Nh3 f5 13. exf5 exf5 14. Kg1 d6 15. f4 Ng4 16. Qe2 Qf6 17. Re1 Bd7 18. Qe7 Rae8 19. Qxf6 Nhxf6 20. Rxe8 Rxe8 21. Nf2 Re1 22. Nxg4 fxg4 23. Nd4 Ra1 24. a3 Ra2 25. b3 Ne4 0-1